000 00647nam a2200229Ia 4500
003 OSt
005 20220927105045.0
006 a|||||r|||| 00| 0
007 ta
008 220926b |||||||| |||| 00| 0 eng d
024 _a195405
037 _cReference Collections
040 _aRTL
_cRTL
_beng
041 _2eng
_aeng
082 _a"R2, G6"
100 _aMannheim Karl
_9369980
245 0 _aIdeology and Utopia an Introduction to the Sociology
260 _aLondon
_band Henley Routledge and Kegan Paul
_c1976
300 _axxxi 318p
_ccm.
942 _h"R2, G6"
_cCC
999 _c690525
_d690525